[Event "Pombal op 11th"]
[Site "Pombal"]
[Date "2020.10.04"]
[Round "4"]
[White "Cruz, Jorge Filipe Egas"]
[Black "Simoes, Miguel Patricio"]
[Result "0-1"]
[WhiteElo "2150"]
[BlackElo "1882"]
[PlyCount "74"]
[EventDate "2020.10.02"]
[EventType "swiss"]
[EventRounds "7"]
[EventCountry "POR"]
[SourceTitle "CBM 198 Extra"]
[Source "ChessBase"]
[SourceDate "2020.11.30"]
[SourceVersion "1"]
[SourceVersionDate "2020.11.30"]
[SourceQuality "1"]

1. e4 e5 2. Nf3 Nc6 3. Bb5 a6 4. Bxc6 dxc6 5. d4 exd4 6. Qxd4 Qxd4 7. Nxd4 Nf6 8. f3 c5 9. Ne2 Bd7 10. Nbc3 Bc6 11. Bf4 0-0-0 12. Kf2 Be7 13. Rad1 b5 14. e5 Nd5 15. Bc1 Nb4 16. Ng3 g6 17. Nge4 Nxc2 18. Bg5 Bxg5 19. Nxg5 Rde8 20. Rd2 Nd4 21. Re1 Re7 22. b4 cxb4 23. Rxd4 bxc3 24. Rc1 h6 25. Rxc3 hxg5 26. Rxc6 Kb7 27. Rf6 Rxh2 28. e6 Rxe6 29. Rxf7 Rh4 30. Rd5 Ra4 31. Rxg5 Rxa2+ 32. Kg3 b4 33. Rf4 Rb6 34. Rc4 b3 35. Rgc5 c6 36. Re4 b2 37. Re7+ Ka8 0-1

[Event "POR-chT"]
[Site "Maia"]
[Date "2018.07.18"]
[Round "4.3"]
[White "Martinez Duany, Lelys Stanley"]
[Black "Cruz, Jorge Filipe Egas"]
[Result "1-0"]
[WhiteElo "2528"]
[BlackElo "2159"]
[PlyCount "65"]
[EventDate "2018.07.16"]
[EventType "team-tourn"]
[EventRounds "9"]
[EventCountry "POR"]
[SourceTitle "CBM 185 Extra"]
[Source "ChessBase"]
[SourceDate "2018.07.29"]
[SourceVersion "1"]
[SourceVersionDate "2018.07.29"]
[SourceQuality "1"]
[WhiteTeam "Dias Ferreira"]
[BlackTeam "Montemor o Velho"]
[WhiteTeamCountry "POR"]
[BlackTeamCountry "POR"]

1. e4 c5 2. Nf3 g6 3. c3 Bg7 4. Bc4 e6 5. Bb3 Ne7 6. d4 cxd4 7. cxd4 d5 8. e5 Nbc6 9. 0-0 0-0 10. Nc3 b6 11. Re1 Ba6 12. Bc2 Qc7 13. Bf4 Rfc8 14. Rc1 b5 15. Qd2 Na5 16. Bh6 Nc4 17. Qf4 Nc6 18. Bxg7 Kxg7 19. Qf6+ Kg8 20. Qh4 Kg7 21. b3 Na3 22. Qf6+ Kg8 23. Bd3 Qe7 24. Nxd5 Qxf6 25. Nxf6+ Kg7 26. Be4 Bb7 27. Rc5 Na5 28. Rec1 Rd8 29. Bxb7 Nxb7 30. Rc7 Na5 31. Rxf7+ Kxf7 32. Rc7+ Kf8 33. Ng5 1-0

[Event "Lisbon Portugal op"]
[Site "Lisbon"]
[Date "2018.02.09"]
[Round "9"]
[White "Rocha, Sergio MC"]
[Black "Cruz, Jorge Filipe Egas"]
[Result "1-0"]
[WhiteElo "2371"]
[BlackElo "2113"]
[PlyCount "53"]
[EventDate "2018.02.03"]
[EventType "swiss"]
[EventRounds "9"]
[EventCountry "POR"]
[SourceTitle "CBM 182 Extra"]
[Source "ChessBase"]
[SourceDate "2018.02.23"]
[SourceVersion "1"]
[SourceVersionDate "2018.02.23"]
[SourceQuality "1"]

1. d4 Nf6 2. Nf3 e6 3. c4 d5 4. Nc3 Be7 5. Bf4 0-0 6. e3 b6 7. Qc2 Bb7 8. cxd5 exd5 9. Be2 c5 10. dxc5 bxc5 11. 0-0 Nbd7 12. Rfd1 Qa5 13. Qf5 Rac8 14. Ng5 h6 15. Nge4 Qb6 16. Ng3 Rfd8 17. Qh3 Bf8 18. Nf5 Qxb2 19. Rab1 Qxc3 20. Rxb7 Qc2 21. Bf3 Qxa2 22. Qg3 Kh8 23. Bd6 Ne8 24. Bxf8 Nxf8 25. Rxf7 Ne6 26. Qg6 Qc2 27. Qxe6 1-0

[Event "Lisbon Portugal op"]
[Site "Lisbon"]
[Date "2018.02.05"]
[Round "5"]
[White "Silva, Mariana Sofia Teixe"]
[Black "Cruz, Jorge Filipe Egas"]
[Result "1/2-1/2"]
[WhiteElo "1901"]
[BlackElo "2113"]
[PlyCount "52"]
[EventDate "2018.02.03"]
[EventType "swiss"]
[EventRounds "9"]
[EventCountry "POR"]
[SourceTitle "EXT 2019"]
[Source "ChessBase"]
[SourceDate "2018.10.10"]
[SourceVersion "1"]
[SourceVersionDate "2018.10.10"]
[SourceQuality "1"]

1. e4 c5 2. Nf3 g6 3. d4 cxd4 4. Nxd4 Nc6 5. Nc3 Bg7 6. Be3 Nf6 7. Bc4 0-0 8. Bb3 a6 9. 0-0 Qc7 10. Nd5 Nxd5 11. exd5 Na5 12. c3 b5 13. Re1 Bb7 14. Bg5 Nxb3 15. axb3 e5 16. Nc2 d6 17. Qd2 f5 18. Nb4 f4 19. f3 Qc5+ 20. Kh1 a5 21. Nc6 Bxc6 22. dxc6 Rfc8 23. Red1 Rxc6 24. b4 Qc4 25. bxa5 Bf8 26. Bh4 Kf7 1/2-1/2

[Event "Lisbon Portugal op"]
[Site "Lisbon"]
[Date "2018.02.04"]
[Round "4"]
[White "Cruz, Jorge Filipe Egas"]
[Black "Kerigan, Demre"]
[Result "0-1"]
[WhiteElo "2113"]
[BlackElo "2350"]
[PlyCount "155"]
[EventDate "2018.02.03"]
[EventType "swiss"]
[EventRounds "9"]
[EventCountry "POR"]
[SourceTitle "CBM 182 Extra"]
[Source "ChessBase"]
[SourceDate "2018.02.23"]
[SourceVersion "1"]
[SourceVersionDate "2018.02.23"]
[SourceQuality "1"]

1. e4 d6 2. d4 Nf6 3. Nc3 g6 4. Be3 a6 5. Qd2 b5 6. Bd3 Bb7 7. Nf3 b4 8. Ne2 Nxe4 9. Qxb4 Qc8 10. d5 Nf6 11. c4 Bg7 12. 0-0 0-0 13. Rac1 Nbd7 14. Rfe1 Re8 15. h3 c6 16. Nf4 Qb8 17. Qa4 Qd8 18. Qb4 Qb8 19. Qa5 cxd5 20. cxd5 Ne5 21. Be2 h6 22. h4 Rc8 23. Bd4 Nfd7 24. Qd2 Rxc1 25. Rxc1 Qd8 26. Qb4 a5 27. Qxb7 Nxf3+ 28. Bxf3 Bxd4 29. b3 Nc5 30. Qb5 Rb8 31. Qe2 Qb6 32. Rc4 Bf6 33. g3 Be5 34. Kg2 Qa6 35. Qc2 Rb4 36. Be2 Qb7 37. Rxb4 Qxb4 38. Qc4 Qd2 39. Bf3 Bxf4 40. Qxf4 Qxf4 41. gxf4 Nd3 42. Be4 Nxf4+ 43. Kf3 Nh5 44. Ke3 Nf6 45. Bf3 Nd7 46. Kd4 Kf8 47. a3 Ke8 48. Bg4 Nb6 49. f4 Kd8 50. Bh3 Kc7 51. Bg4 Na8 52. Kc4 Kb6 53. Bd7 Nc7 54. Bc6 f6 55. Bd7 g5 56. fxg5 fxg5 57. hxg5 hxg5 58. a4 Na6 59. Bg4 Nc5 60. Bf5 Kc7 61. Bg4 Kb7 62. Bf5 Kb6 63. Bg4 Ne4 64. b4 Nf6 65. Bf3 g4 66. Bg2 Nh5 67. bxa5+ Kxa5 68. Kd4 Nf4 69. Be4 Kxa4 70. Ke3 Nh5 71. Bg2 Kb4 72. Ke4 Kc5 73. Kf5 g3 74. Bf3 Nf6 75. Ke6 Kd4 76. Kxe7 Ke5 77. Bg2 Nxd5+ 78. Bxd5 0-1

[Event "Figueira da Foz op 11th"]
[Site "Figueira da Foz"]
[Date "2017.11.04"]
[Round "8"]
[White "Cruz, Jorge Filipe Egas"]
[Black "Elissalt Cardenas, Hector"]
[Result "0-1"]
[WhiteElo "2088"]
[BlackElo "2324"]
[PlyCount "60"]
[EventDate "2017.10.29"]
[EventType "swiss"]
[EventRounds "9"]
[EventCountry "POR"]
[SourceTitle "CBM 181 Extra"]
[Source "ChessBase"]
[SourceDate "2017.12.12"]
[SourceVersion "1"]
[SourceVersionDate "2017.12.12"]
[SourceQuality "1"]

1. e4 d6 2. d4 Nf6 3. Nc3 e5 4. dxe5 dxe5 5. Qxd8+ Kxd8 6. Bc4 Be6 7. Bxe6 fxe6 8. f3 a6 9. Be3 Bd6 10. Nge2 Ke7 11. Nc1 Nbd7 12. Nd3 c5 13. Ke2 c4 14. Nf2 b5 15. Rhb1 Rhc8 16. Nfd1 Nb8 17. b4 cxb3 18. axb3 Nc6 19. Rb2 Nd4+ 20. Kd3 Rd8 21. Bxd4 exd4 22. Ne2 Bxh2 23. Rba2 Nd7 24. b4 Ne5+ 25. Kd2 d3 26. cxd3 Nxd3 27. Ke3 Nxb4 28. Rb2 Be5 29. Nec3 Rd3+ 30. Ke2 Rxc3 0-1

[Event "POR Associations Cup"]
[Site "Almeirim"]
[Date "2017.10.15"]
[Round "3.1"]
[White "Sousa, Andre Ventura"]
[Black "Cruz, Jorge Filipe Egas"]
[Result "1-0"]
[WhiteElo "2405"]
[BlackElo "2088"]
[PlyCount "31"]
[EventDate "2017.10.14"]
[EventType "team-k.o."]
[EventRounds "3"]
[EventCountry "POR"]
[SourceTitle "CBM 181 Extra"]
[Source "ChessBase"]
[SourceDate "2017.12.12"]
[SourceVersion "1"]
[SourceVersionDate "2017.12.12"]
[SourceQuality "1"]
[WhiteTeam "Dias Ferreira"]
[BlackTeam "Montemor o Velho"]
[WhiteTeamCountry "POR"]
[BlackTeamCountry "POR"]

1. e4 c5 2. Nf3 g6 3. Bc4 Bg7 4. 0-0 Nc6 5. Re1 e6 6. Nc3 d6 7. Ne2 Nge7 8. d4 cxd4 9. Nexd4 d5 10. exd5 Nxd5 11. Bxd5 Qxd5 12. Nxe6 Qxd1 13. Nxg7+ Kf8 14. Bh6 Qd8 15. Nh5+ Kg8 16. Re8+ 1-0

[Event "Lisbon Check Mate op 5th"]
[Site "Lisbon"]
[Date "2017.08.30"]
[Round "6"]
[White "Cruz, Jorge Filipe Egas"]
[Black "Santos, Jose Alves"]
[Result "1/2-1/2"]
[WhiteElo "2086"]
[BlackElo "2173"]
[PlyCount "171"]
[EventDate "2017.08.26"]
[EventType "swiss"]
[EventRounds "7"]
[EventCountry "POR"]
[SourceTitle "CBM 180 Extra"]
[Source "ChessBase"]
[SourceDate "2017.10.06"]
[SourceVersion "1"]
[SourceVersionDate "2017.10.06"]
[SourceQuality "1"]

1. e4 e5 2. Nf3 Nc6 3. Bb5 a6 4. Bxc6 dxc6 5. d4 exd4 6. Qxd4 Qxd4 7. Nxd4 Bd7 8. Be3 0-0-0 9. Nc3 Re8 10. 0-0-0 Bb4 11. Nde2 Ne7 12. a3 Bd6 13. Bf4 Bc5 14. Bg3 h5 15. h4 Ng6 16. Nd4 Ne5 17. Rhe1 f6 18. Nb3 Be7 19. f3 g6 20. Bf4 Be6 21. Nd4 Bf7 22. Bg3 Rd8 23. f4 Nc4 24. Bf2 Rhe8 25. Nf3 Be6 26. Rxd8+ Rxd8 27. f5 Bf7 28. Ne2 gxf5 29. exf5 Rg8 30. g3 Bd6 31. Nd2 Ne5 32. Nf4 c5 33. Ne4 Be7 34. Nxc5 Bxc5 35. Bxc5 Rxg3 36. Be7 Nd7 37. Bb4 Rf3 38. Ng6 c5 39. Bc3 Bxg6 40. fxg6 Rg3 41. Re8+ Kc7 42. Rg8 Kd6 43. Kd1 Ke7 44. g7 b6 45. Ke2 Ne5 46. Kf2 Rg6 47. Rh8 Rxg7 48. Bxe5 fxe5 49. Rxh5 Rf7+ 50. Kg3 Kd6 51. Rh6+ Kd5 52. Rxb6 e4 53. Rb8 Rg7+ 54. Kf4 Rf7+ 55. Ke3 Rf3+ 56. Ke2 Rh3 57. Rd8+ Ke5 58. Re8+ Kd4 59. c3+ Kd5 60. Rd8+ Kc4 61. Ra8 Rxh4 62. b4 Kxc3 63. bxc5 Kd4 64. Rd8+ Kxc5 65. Ke3 Kc4 66. Rb8 a5 67. a4 Rh3+ 68. Kxe4 Ra3 69. Rc8+ Kb4 70. Kd4 Kxa4 71. Kc4 Rh3 72. Ra8 Rh5 73. Kc3 Ka3 74. Kc2 a4 75. Kb1 Rb5+ 76. Ka1 Rb3 77. Rh8 Rg3 78. Rb8 Rb3 79. Rh8 Rb4 80. Rh3+ Rb3 81. Rh8 Rg3 82. Rb8 Rg1+ 83. Rb1 Rg2 84. Rb7 Ra2+ 85. Kb1 Rb2+ 86. Rxb2 1/2-1/2

[Event "Lisbon Check Mate op 5th"]
[Site "Lisbon"]
[Date "2017.08.27"]
[Round "2"]
[White "Monteiro, Sara Cristina da Si"]
[Black "Cruz, Jorge Filipe Egas"]
[Result "0-1"]
[WhiteElo "1759"]
[BlackElo "2086"]
[PlyCount "104"]
[EventDate "2017.08.26"]
[EventType "swiss"]
[EventRounds "7"]
[EventCountry "POR"]
[SourceTitle "CBM 180 Extra"]
[Source "ChessBase"]
[SourceDate "2017.10.06"]
[SourceVersion "1"]
[SourceVersionDate "2017.10.06"]
[SourceQuality "1"]

1. d4 Nf6 2. Nf3 e6 3. e3 d5 4. Bd3 Nbd7 5. 0-0 Bd6 6. c4 b6 7. Nc3 Bb7 8. cxd5 exd5 9. Qc2 0-0 10. Nb5 Qe7 11. Nxd6 Qxd6 12. b3 Rac8 13. a4 Rfd8 14. Ba3 c5 15. Rac1 Ne4 16. Nd2 Qh6 17. Nxe4 cxd4 18. Qb1 dxe4 19. Bxe4 Bxe4 20. Qxe4 dxe3 21. fxe3 Rxc1 22. Bxc1 Qd6 23. Bb2 Nc5 24. Qg4 Qg6 25. Rd1 Re8 26. Qc4 h5 27. Bd4 Ne4 28. Qb5 Rc8 29. Qd3 h4 30. Be5 h3 31. Bg3 Qc6 32. gxh3 Ng5 33. Qf5 Ne4 34. Rf1 f6 35. Rd1 Re8 36. Qd5+ Qxd5 37. Rxd5 Nxg3 38. hxg3 Rxe3 39. Kf2 Rxb3 40. Rd8+ Kh7 41. Rd7 a5 42. Rb7 Rb4 43. Ke2 Kh6 44. Kf3 g5 45. g4 Kg6 46. Rb8 Kf7 47. Kg3 Ke6 48. h4 gxh4+ 49. Kxh4 f5 50. Kh5 fxg4 51. Kh4 Kd6 52. Rg8 Rxa4 0-1

[Event "Lisbon Check Mate op 5th"]
[Site "Lisbon"]
[Date "2017.08.26"]
[Round "1"]
[White "Cruz, Jorge Filipe Egas"]
[Black "Basilio, Rodrigo"]
[Result "1-0"]
[WhiteElo "2086"]
[BlackElo "1587"]
[PlyCount "91"]
[EventDate "2017.08.26"]
[EventType "swiss"]
[EventRounds "7"]
[EventCountry "POR"]
[SourceTitle "CBM 180 Extra"]
[Source "ChessBase"]
[SourceDate "2017.10.06"]
[SourceVersion "1"]
[SourceVersionDate "2017.10.06"]
[SourceQuality "1"]

1. e4 c5 2. Nf3 Nc6 3. d4 cxd4 4. Nxd4 g6 5. Nc3 Bg7 6. Nde2 Nf6 7. g3 0-0 8. Bg2 d6 9. h3 a6 10. 0-0 Bd7 11. a4 Rc8 12. Bg5 Ne5 13. b3 h6 14. Be3 Nc6 15. Qd2 Kh7 16. Rac1 Qa5 17. Rfd1 Rfd8 18. Nd5 Nxd5 19. exd5 Qxd2 20. Rxd2 Nb8 21. Bb6 Re8 22. c4 Bf5 23. g4 Bd7 24. f4 f5 25. Bf3 fxg4 26. hxg4 Rf8 27. a5 Be8 28. b4 Nd7 29. c5 Nxb6 30. axb6 Bb5 31. c6 Rb8 32. c7 Rbc8 33. Kg2 Ra8 34. Kg3 Bd7 35. Nd4 Bxd4 36. Rxd4 Kg7 37. Be2 Kf6 38. Ra1 Bc8 39. b5 e6 40. dxe6 Kxe6 41. bxa6 Kd7 42. Bb5+ Ke7 43. Re1+ Kf7 44. Bc4+ Kg7 45. Rxd6 bxa6 46. Re7+ 1-0

[Event "Coimbra Queima das Fitas op"]
[Site "Coimbra"]
[Date "2017.04.30"]
[Round "4"]
[White "Cruz, Jorge Filipe Egas"]
[Black "Prata, Jorge"]
[Result "1-0"]
[WhiteElo "2059"]
[BlackElo "1725"]
[PlyCount "67"]
[EventDate "2017.04.28"]
[EventType "swiss"]
[EventRounds "7"]
[EventCountry "POR"]
[SourceTitle "CBM 178 Extra"]
[Source "ChessBase"]
[SourceDate "2017.06.22"]
[SourceVersion "1"]
[SourceVersionDate "2017.06.22"]
[SourceQuality "1"]

1. e4 e5 2. Nf3 Nc6 3. Bb5 a6 4. Ba4 d6 5. 0-0 Bd7 6. c3 Nge7 7. d4 Ng6 8. Re1 Be7 9. c4 0-0 10. Bxc6 Bxc6 11. Nc3 Bd7 12. h3 h6 13. b3 Bg5 14. Nxg5 hxg5 15. Qh5 Nf4 16. Bxf4 exf4 17. Rad1 Re8 18. e5 Re6 19. exd6 Rh6 20. dxc7 Qxc7 21. Qxg5 Bxh3 22. Nd5 Qd6 23. Qxf4 Qxf4 24. Nxf4 Bf5 25. Re5 g6 26. Nd5 Kg7 27. Re7 Rah8 28. Kf1 Bb1 29. Rxb7 Bxa2 30. Ke2 Rh1 31. Nc3 Re8+ 32. Kd2 Rh2 33. Nxa2 Rxg2 34. Rf1 1-0

[Event "Lisbon Portugal op"]
[Site "Lisbon"]
[Date "2017.02.09"]
[Round "8"]
[White "Santos, Jose Alves"]
[Black "Cruz, Jorge Filipe Egas"]
[Result "1-0"]
[WhiteElo "2193"]
[BlackElo "2072"]
[PlyCount "89"]
[EventDate "2017.02.04"]
[EventType "swiss"]
[EventRounds "9"]
[EventCountry "POR"]
[SourceTitle "CBM 176 Extra"]
[Source "ChessBase"]
[SourceDate "2017.03.02"]
[SourceVersion "1"]
[SourceVersionDate "2017.03.02"]
[SourceQuality "1"]

1. e4 c5 2. c3 d5 3. exd5 Qxd5 4. d4 Nf6 5. Nf3 e6 6. Na3 Nc6 7. Nb5 Qd8 8. dxc5 Bxc5 9. Qxd8+ Kxd8 10. Bf4 Nd5 11. 0-0-0 Ke7 12. Bg3 a6 13. Rxd5 exd5 14. Nc7 Be6 15. Nxa8 Rxa8 16. Bd3 h6 17. Re1 Kf8 18. Ne5 Rc8 19. Ng6+ Kg8 20. Nf4 Nd8 21. Bc2 d4 22. Nxe6 Nxe6 23. Bb3 Nf8 24. Bd5 dxc3 25. Bxb7 cxb2+ 26. Kxb2 Rd8 27. Bxa6 Rd2+ 28. Kb3 Bxf2 29. Bxf2 Rxf2 30. Bb7 Ne6 31. Bd5 Kf8 32. a4 Nc5+ 33. Ka3 Rd2 34. Bc6 g5 35. a5 Rc2 36. Re8+ Kg7 37. Rb8 f5 38. Rb5 h5 39. Bb7 Rc1 40. Rb2 Nd3 41. Rd2 Ra1+ 42. Ra2 Rc1 43. a6 Rb1 44. a7 Nc5 45. Bd5 1-0

[Event "Lisbon Portugal op"]
[Site "Lisbon"]
[Date "2017.02.04"]
[Round "1"]
[White "Sousa, Manuel Filipe Masca"]
[Black "Cruz, Jorge Filipe Egas"]
[Result "0-1"]
[WhiteElo "1073"]
[BlackElo "2072"]
[PlyCount "68"]
[EventDate "2017.02.04"]
[EventType "swiss"]
[EventRounds "9"]
[EventCountry "POR"]
[SourceTitle "CBM 176 Extra"]
[Source "ChessBase"]
[SourceDate "2017.03.02"]
[SourceVersion "1"]
[SourceVersionDate "2017.03.02"]
[SourceQuality "1"]

1. e4 c5 2. Nf3 g6 3. Nc3 Bg7 4. d4 cxd4 5. Nxd4 Nc6 6. Be3 Nf6 7. Bc4 Qa5 8. Bb3 Nxe4 9. Bxf7+ Kxf7 10. Qf3+ Nf6 11. 0-0 Rf8 12. Nxc6 bxc6 13. Bd4 e5 14. Be3 Kg8 15. Rfe1 d5 16. Rab1 d4 17. b4 Qc7 18. Bd2 dxc3 19. Bxc3 Nd5 20. Qg3 Nxc3 21. Qxc3 Bf5 22. b5 Rac8 23. bxc6 Qxc6 24. Qb3+ Qc4 25. Qxc4+ Rxc4 26. h3 Rxc2 27. a3 Bd3 28. Re3 e4 29. f3 Bd4 30. Rbe1 exf3 31. gxf3 Rxf3 32. Kh1 Rxe3 33. Rxe3 Bxe3 34. h4 Be4# 0-1

[Event "Figueira da Foz op 10th"]
[Site "Figueira da Foz"]
[Date "2016.11.05"]
[Round "8"]
[White "Cruz, Jorge Filipe Egas"]
[Black "Fernandes, Miguel A Murtinho"]
[Result "0-1"]
[WhiteElo "2057"]
[BlackElo "1990"]
[PlyCount "64"]
[EventDate "2016.10.30"]
[EventType "swiss"]
[EventRounds "9"]
[EventCountry "POR"]
[SourceTitle "CBM 175 Extra"]
[Source "ChessBase"]
[SourceDate "2016.12.12"]
[SourceVersion "1"]
[SourceVersionDate "2016.12.12"]
[SourceQuality "1"]

1. e4 e6 2. d4 c5 3. Nf3 cxd4 4. Nxd4 a6 5. Nc3 Qc7 6. Bd3 Bc5 7. Nb3 Be7 8. Qg4 Nf6 9. Qxg7 Rg8 10. Qh6 Nc6 11. Bf4 d6 12. Bg3 b5 13. a4 b4 14. Nb1 Bb7 15. N1d2 0-0-0 16. 0-0 Ne5 17. Qe3 h5 18. Bxe5 dxe5 19. Qa7 Rxg2+ 20. Kh1 Ng4 21. f3 Rxh2+ 22. Kg1 Rxd2 23. fxg4 Rg2+ 24. Kh1 Rxg4 25. Bxa6 Bxa6 26. Qxa6+ Kb8 27. Qb5+ Ka7 28. Rxf7 Rdg8 29. Qa5+ Qxa5 30. Rxe7+ Ka8 31. Re8+ Rxe8 32. Nxa5 Reg8 0-1

[Event "POR Circuit rapid"]
[Site "Matosinhos"]
[Date "2016.10.30"]
[Round "5"]
[White "Ferreira, Hugo Miguel da Cost"]
[Black "Cruz, Jorge Filipe Egas"]
[Result "1-0"]
[WhiteElo "1949"]
[BlackElo "2057"]
[PlyCount "55"]
[EventDate "2016.10.30"]
[EventType "tourn (rapid)"]
[EventRounds "7"]
[EventCountry "POR"]
[SourceTitle "EXT 2018"]
[Source "ChessBase"]
[SourceDate "2017.10.13"]
[SourceVersion "1"]
[SourceVersionDate "2017.10.13"]
[SourceQuality "1"]

1. d4 Nf6 2. Bg5 e6 3. Nd2 d5 4. e3 c5 5. c3 Nc6 6. f4 Be7 7. Bd3 b6 8. Ngf3 Bb7 9. 0-0 c4 10. Bc2 b5 11. Ne5 h6 12. Bxf6 gxf6 13. Nxc6 Bxc6 14. f5 e5 15. dxe5 fxe5 16. f6 Bc5 17. Qe2 Qb6 18. Rae1 0-0-0 19. Kh1 Rhg8 20. Nf3 Rde8 21. b4 cxb3 22. axb3 b4 23. cxb4 Qxb4 24. Rc1 Bb5 25. Bd3 Bxd3 26. Qxd3 e4 27. Qxd5 exf3 28. Rxc5+ 1-0

[Event "POR-chT"]
[Site "Porto"]
[Date "2015.08.21"]
[Round "8.2"]
[White "Diogo, Vasco Andre Marcalo"]
[Black "Cruz, Jorge Filipe Egas"]
[Result "0-1"]
[WhiteElo "2240"]
[BlackElo "2024"]
[PlyCount "56"]
[EventDate "2015.08.16"]
[EventType "team-tourn"]
[EventRounds "9"]
[EventCountry "POR"]
[SourceTitle "EXT 2016"]
[Source "ChessBase"]
[SourceDate "2015.10.08"]
[SourceVersion "1"]
[SourceVersionDate "2015.10.08"]
[SourceQuality "1"]
[WhiteTeam "Coimbra"]
[BlackTeam "Montemor o Velho"]
[WhiteTeamCountry "POR"]
[BlackTeamCountry "POR"]

1. e4 c5 2. Nf3 g6 3. d4 cxd4 4. Qxd4 Nf6 5. e5 Nc6 6. Qa4 Nd5 7. Qe4 Nb6 8. Bf4 d5 9. exd6 Bf5 10. Qe2 Nd5 11. Be5 f6 12. Nc3 Ndb4 13. 0-0-0 Bh6+ 14. Nd2 fxe5 15. dxe7 Qxe7 16. a3 Nxc2 17. g4 N6d4 18. Qc4 Rc8 19. Qa4+ Bd7 20. Qxa7 0-0 21. Kb1 Nxa3+ 22. bxa3 Rxc3 23. Qa5 Rxa3 24. Bc4+ Kh8 25. Qb6 Bxg4 26. Ne4 Bxd1 27. Rxd1 Rff3 28. Nd6 Rab3+ 0-1

[Event "POR Cup 37th"]
[Site "Alcochete"]
[Date "2015.06.20"]
[Round "1.2"]
[White "Santos, Antonio Pereira"]
[Black "Cruz, Jorge Filipe Egas"]
[Result "1-0"]
[WhiteElo "2286"]
[BlackElo "2029"]
[PlyCount "63"]
[EventDate "2015.06.20"]
[EventType "team-k.o."]
[EventRounds "2"]
[EventCountry "POR"]
[SourceTitle "CBM 167 Extra"]
[Source "ChessBase"]
[SourceDate "2015.09.14"]
[SourceVersion "1"]
[SourceVersionDate "2015.09.14"]
[SourceQuality "1"]
[WhiteTeam "POR Sporting Clube"]
[BlackTeam "Montemor o Velho"]
[WhiteTeamCountry "POR"]
[BlackTeamCountry "POR"]

1. d4 Nf6 2. c4 e6 3. g3 d5 4. Bg2 Be7 5. Nf3 0-0 6. 0-0 dxc4 7. Qc2 a6 8. a4 Nc6 9. Qxc4 a5 10. Nc3 Nb4 11. Rd1 Nfd5 12. e4 Nb6 13. Qe2 Bd7 14. b3 Qe8 15. Bb2 Bd6 16. Rac1 Bc6 17. Nb5 Qb8 18. Nxd6 cxd6 19. d5 exd5 20. Qe3 dxe4 21. Ng5 Nd3 22. Bxe4 Nxb2 23. Bxh7+ Kh8 24. Rd4 f6 25. Bg6 fxg5 26. Qxg5 Rxf2 27. Qh5+ Kg8 28. Qh7+ Kf8 29. Qh8+ Ke7 30. Qxg7+ Kd8 31. Kxf2 Qa7 32. Qf8+ 1-0

[Event "Figueira da Foz op 8th"]
[Site "Figueira da Foz"]
[Date "2014.11.26"]
[Round "5"]
[White "Leao, Tiago Miguel da S"]
[Black "Cruz, Jorge Filipe Egas"]
[Result "0-1"]
[WhiteElo "1835"]
[BlackElo "2040"]
[PlyCount "134"]
[EventDate "2014.11.23"]
[EventType "swiss"]
[EventRounds "9"]
[EventCountry "POR"]
[SourceTitle "CBM 163 Extra"]
[Source "ChessBase"]
[SourceDate "2014.12.23"]
[SourceVersion "1"]
[SourceVersionDate "2014.12.23"]
[SourceQuality "1"]

1. e4 c5 2. Nc3 g6 3. f4 Bg7 4. Nf3 Nc6 5. Bb5 Nd4 6. 0-0 Nxb5 7. Nxb5 d6 8. Re1 a6 9. Nc3 e6 10. d3 b5 11. Rb1 Bb7 12. Be3 b4 13. Ne2 Nh6 14. h3 0-0 15. Bf2 Bc6 16. Ng3 f5 17. e5 Nf7 18. d4 Bxf3 19. Qxf3 cxd4 20. Bxd4 dxe5 21. Bxe5 Nxe5 22. fxe5 Qd4+ 23. Kh1 Bxe5 24. Ne2 Qd5 25. Nc1 Bf6 26. Nd3 a5 27. Qxd5 exd5 28. Nf4 Rfd8 29. Re6 Kf7 30. Rc6 Rac8 31. Rxc8 Rxc8 32. Nxd5 Rxc2 33. Ne3 Rxb2 34. Rxb2 Bxb2 35. Nc4 Bc3 36. Nxa5 Ke6 37. Kg1 Kd5 38. Kf1 Ke4 39. Ke2 g5 40. Nc4 Kf4 41. Ne3 Ke4 42. Nc4 g4 43. Ne3 h5 44. Nc4 f4 45. Nd6+ Kd5 46. Nf5 Ke6 47. hxg4 hxg4 48. Nh6 g3 49. Kf3 Bg7 50. Ng8 Kf7 51. Kxf4 Kxg8 52. Kxg3 Kf7 53. Kf4 Ke6 54. Ke4 Bf6 55. g4 Be5 56. g5 Bd6 57. Kd4 Kf5 58. Kd5 Bf8 59. Kc4 Kxg5 60. Kd4 Kf4 61. Kd3 Ke5 62. Kc4 Ke4 63. Kb3 Kd3 64. Kb2 Kc4 65. Kc2 Bg7 66. Kc1 Kb5 67. Kb1 Ka4 0-1